| 000 | 00531nam a2200193Ia 4500 | ||
|---|---|---|---|
| 005 | 20250326141216.0 | ||
| 008 | 250326s9999 xx 000 0 und d | ||
| 037 | _aTextbook | ||
| 040 |
_aFMSL _beng _cFMSL |
||
| 041 |
_aeng _2eng |
||
| 084 |
_aX:8Dy7 N5 _qFMSL |
||
| 100 |
_aHill N C _9743948 |
||
| 245 | 0 |
_aShort term ficial management _cHill N C; Sartories W L |
|
| 250 | _a3 | ||
| 260 |
_aEnglewood _bEnglewood, Prentice-Hall _c1995 |
||
| 300 | _a621p | ||
| 942 |
_cTB _hX:8Dy7 N5 |
||
| 999 |
_c1289233 _d1289233 |
||